000 00292nam a22001097a 4500
008 230704b xxu||||| |||| 00| 0 eng d
082 _a341.08
_bFOL 1962
245 _aDocuments on International Affairs 1958
260 _bOxford University Press
_c1962
300 _aXVIII,605p
942 _2ddc
_cBK
999 _c3703
_d3703